000
00285nam a22001217a 4500
008
171219b xxu||||| |||| 00| 0 eng d
041
_a
eng
080
_a
34
100
_a
14
101
_a
JUR
245
_a
THE CONSTITUTION OF THE UNITED STATES OF AMERICA
_c
PREISS,B
942
_2
udc
_c
BK
999
_c
39134
_d
39134